| 000 | 00676cam a2200217 a 4500 | ||
|---|---|---|---|
| 001 | 000009580 | ||
| 005 | 20200929161630.0 | ||
| 008 | 991127s1999 ve 001 0 spa | ||
| 020 | _a9800110720 | ||
| 040 |
_aDO-SdBNP _cDLC _dDLC |
||
| 082 |
_aV863.44 _bT693ú |
||
| 100 | 1 |
_aTorres, Ana Teresa, _d1945- _924420 |
|
| 245 | 1 | 4 |
_aLos últimos espectadores del acorazado Potemkin / _cAna Teresa Torres. |
| 260 |
_aCaracas : _bMonte Ávila Latinoamericana, _c1999. |
||
| 300 |
_a309 p. ; _c20 cm. |
||
| 490 | 1 | _aContinentes | |
| 650 | 4 |
_aNovela venezolana _93962 |
|
| 650 | 4 |
_aLiteratura venezolana _93816 |
|
| 830 | 0 |
_aContinentes _95341 |
|
| 910 | _aCatalogación por copia / LC | ||
| 999 |
_c9340 _d9340 |
||